[Event "ch-city B"]
[Site "Warszawa"]
[Date "2013.05.12"]
[Round "2.12"]
[White "Bitowt, Jacek"]
[Black "Wisniewski, Jacek"]
[Result "1-0"]
[WhiteElo "1898"]
[BlackElo "1471"]
[PlyCount "91"]
[EventDate "2013.05.11"]
[EventType "swiss"]
[EventRounds "9"]
[EventCountry "POL"]

1. e4 e5 2. Nf3 Nc6 3. d4 exd4 4. Nxd4 Bc5 5. Nxc6 bxc6 6. Bc4 Ne7 7. Bxf7+
Kxf7 8. Qh5+ Ng6 9. Qxc5 Re8 10. O-O Qf6 11. Nc3 Ba6 12. Rd1 Qe6 13. Be3 Bb7
14. Qh5 Kg8 15. f4 Qe7 16. a3 d6 17. f5 Ne5 18. Bg5 Qf7 19. Qh4 Nd7 20. Rd3 Nf6
21. Rh3 Kh8 22. Re1 a6 23. Ree3 c5 24. Qe1 Ng4 25. Qh4 Nf6 26. Bxf6 gxf6 27.
Qf4 Rg8 28. Rh6 Rg7 29. Reh3 Rag8 30. g3 Rg4 31. Qf3 R4g7 32. R3h4 Re8 33. Qd3
Re7 $11 34. Kf2 Re8 35. g4 Re7 36. Kf3 Re8 37. Kf4 Qe7 38. Kf3 Rf8 39. Nd5 Bxd5
40. Qxd5 Re8 41. R4h5 Reg8 42. h3 Rg5 43. Rxh7+ Qxh7 44. Rxh7+ Kxh7 45. Qf7+
R5g7 46. Qh5# 1-0

[Event "ch-city B"]
[Site "Warszawa"]
[Date "2013.05.12"]
[Round "2.13"]
[White "Zbrzeski, Piotr"]
[Black "Woloszyn, Piotr"]
[Result "1-0"]
[WhiteElo "1801"]
[BlackElo "1533"]
[PlyCount "71"]
[EventDate "2013.05.11"]
[EventType "swiss"]
[EventRounds "9"]
[EventCountry "POL"]

1. d4 Nf6 2. c4 e6 3. Nf3 Bb4+ 4. Bd2 Bxd2+ 5. Qxd2 d5 6. cxd5 exd5 7. Nc3 O-O
8. e3 Bf5 9. Bd3 Bxd3 10. Qxd3 c5 11. O-O Nbd7 12. Na4 Re8 13. Rfc1 Ne4 14. Nd2
f5 15. Nxe4 fxe4 16. Qb3 Rb8 17. Nxc5 Nxc5 18. Rxc5 Qg5 19. Rac1 h5 20. a4 Re6
21. Rc6 bxc6 22. Qxb8+ Kh7 23. Qg3 Qf5 24. Kf1 Rf6 25. h4 Qc8 26. Qg5 Rh6 27.
Qxd5 Qg4 28. Qg5 Qxg5 29. hxg5 Rd6 30. Rc5 Rd5 31. Rxd5 cxd5 32. b4 Kg8 33. b5
Kf8 34. a5 Ke8 35. b6 axb6 36. a6 1-0

[Event "ch-city B"]
[Site "Warszawa"]
[Date "2013.05.12"]
[Round "2.15"]
[White "Kaczmarczyk, Marcin"]
[Black "Moscicki, Slawomir"]
[Result "1-0"]
[WhiteElo "1566"]
[BlackElo "1385"]
[PlyCount "89"]
[EventDate "2013.05.11"]
[EventType "swiss"]
[EventRounds "9"]
[EventCountry "POL"]

1. Nf3 d5 2. c4 Nf6 3. b3 e6 4. d3 Bb4+ 5. Bd2 Bxd2+ 6. Nbxd2 O-O 7. g3 Nc6 8.
Bg2 d4 9. O-O e5 10. a3 a5 11. Qc2 Bf5 12. Ng5 Qd7 13. Nge4 Nxe4 14. Nxe4 Bxe4
15. Bxe4 Kh8 16. Bg2 Rab8 17. Rab1 f5 18. f4 Rbe8 19. Rbe1 Re6 20. Bd5 Rh6 21.
e3 dxe3 22. Rxe3 Nd4 23. Qc3 c6 24. Rxe5 Re8 25. Qxd4 Rxe5 26. Qxe5 Rd6 27. Re1
h6 28. Qe8+ Qxe8 29. Rxe8+ Kh7 30. Bg8+ Kg6 31. Re6+ Rxe6 32. Bxe6 Kf6 33. Bc8
b6 34. d4 g6 35. d5 cxd5 36. cxd5 Ke7 37. Kf2 Kd6 38. Be6 Kc5 39. Ke3 b5 40.
Kd3 g5 41. b4+ axb4 42. axb4+ Kd6 43. Kd4 Ke7 44. fxg5 hxg5 45. Bxf5 1-0

[Event "ch-city B"]
[Site "Warszawa"]
[Date "2013.05.12"]
[Round "2.16"]
[White "Kwiek, Janusz"]
[Black "Cuch, Dariusz"]
[Result "1-0"]
[WhiteElo "1648"]
[BlackElo "1397"]
[PlyCount "109"]
[EventDate "2013.05.11"]
[EventType "swiss"]
[EventRounds "9"]
[EventCountry "POL"]

1. Nf3 c5 2. e4 Nc6 3. d4 cxd4 4. Nxd4 Nf6 5. Nc3 d6 6. Bb5 Qc7 7. Nd5 Qd7 8.
Nxf6+ exf6 9. Bf4 a6 10. Bc4 g6 11. O-O Be7 12. Bh6 Qg4 13. Qxg4 Bxg4 14. Nxc6
bxc6 15. f3 Be6 16. Bxe6 fxe6 17. Be3 Kf7 18. Rfd1 d5 19. exd5 cxd5 20. Kf2
Rac8 21. c3 Bc5 22. Rac1 Bxe3+ 23. Kxe3 Rc7 24. Rd4 Rb8 25. b3 f5 26. Ra4 Rb6
27. Kd4 Kf6 28. f4 Rbc6 29. c4 dxc4 30. Raxc4 Rd6+ 31. Ke3 Rcd7 32. R4c2 e5 33.
fxe5+ Kxe5 34. Rc5+ Kf6 35. Rc6 Kg5 36. Rxd6 Rxd6 37. b4 h5 38. a4 Re6+ 39. Kf2
Re4 40. Rb1 Re6 41. b5 Rb6 42. a5 Rd6 43. b6 Rd8 44. b7 Rb8 45. Kf3 Kf6 46.
Rb6+ Ke5 47. h4 f4 48. Rb4 Kd6 49. Kxf4 Kc6 50. Kg5 Rxb7 51. Rxb7 Kxb7 52. Kxg6
Kc6 53. Kxh5 Kb5 54. g4 Kxa5 55. g5 1-0

[Event "ch-city B"]
[Site "Warszawa"]
[Date "2013.05.12"]
[Round "2.17"]
[White "Czorniej, Antonina"]
[Black "Kalhorn, Marcin"]
[Result "1-0"]
[WhiteElo "1394"]
[BlackElo "1645"]
[PlyCount "61"]
[EventDate "2013.05.11"]
[EventType "swiss"]
[EventRounds "9"]
[EventCountry "POL"]

1. d4 d5 2. c4 c6 3. Nf3 Nf6 4. e3 e6 5. b3 Bb4+ 6. Nbd2 O-O 7. Bd3 dxc4 8.
bxc4 c5 9. Bb2 Nc6 10. O-O cxd4 11. exd4 b6 12. Ne4 Be7 13. Bc2 Bb7 14. Re1 Rc8
15. Ne5 Na5 16. Nxf6+ Bxf6 17. Qd3 g6 18. Bb3 Qc7 19. d5 exd5 20. cxd5 Rfd8 21.
Rad1 Nxb3 22. Qxb3 Qc2 23. d6 Qxb3 24. axb3 Rc2 25. Ba3 Ra2 26. Bc1 Ra1 27. d7
Bxe5 28. Rxe5 Kf8 29. Bh6+ Kg8 30. Re8+ Rxe8 31. dxe8=Q# 1-0

[Event "ch-city B"]
[Site "Warszawa"]
[Date "2013.05.12"]
[Round "2.18"]
[White "Kazmierczak, Ewa"]
[Black "Kucharski, Jacek"]
[Result "1/2-1/2"]
[WhiteElo "1532"]
[BlackElo "1379"]
[PlyCount "58"]
[EventDate "2013.05.11"]
[EventType "swiss"]
[EventRounds "9"]
[EventCountry "POL"]

1. e4 e5 2. Nf3 Nc6 3. Bb5 a6 4. Ba4 Nf6 5. O-O b5 6. Bb3 Bc5 7. c3 d6 8. h3
Bb7 9. d4 Bb6 10. Re1 h6 11. Bc2 O-O 12. Be3 Ne7 13. dxe5 dxe5 14. Bxb6 Qxd1
15. Rxd1 cxb6 16. Nbd2 Nc6 17. Nf1 Rad8 18. Ng3 g6 19. Rd2 Rxd2 20. Nxd2 Rd8
21. Rd1 Na5 22. b3 Ne8 23. f3 Kg7 24. Ndf1 Rxd1 25. Bxd1 Nc6 26. Ne3 Nd6 27.
Ne2 f6 28. Kf2 Ne7 29. Bc2 h5 1/2-1/2

[Event "ch-city B"]
[Site "Warszawa"]
[Date "2013.05.12"]
[Round "2.19"]
[White "Wisniewski, Slawomir"]
[Black "Kowal, Cezary"]
[Result "0-1"]
[WhiteElo "1259"]
[BlackElo "1516"]
[PlyCount "54"]
[EventDate "2013.05.11"]
[EventType "swiss"]
[EventRounds "9"]
[EventCountry "POL"]

1. d4 c5 2. Nf3 cxd4 3. Nxd4 Nc6 4. Nc3 d5 5. e3 e5 6. Nb3 Nf6 7. Bb5 a6 8.
Bxc6+ bxc6 9. Ne2 Bd6 10. Qd3 Be6 11. Bd2 c5 12. Na5 Qc7 13. c4 d4 14. Ng3 O-O
15. O-O Rab8 16. Nb3 Rfe8 17. Ne4 Nxe4 18. Qxe4 Bxc4 19. Rfc1 Bb5 20. Qd5 Bc6
21. Qc4 Qe7 22. Qxa6 Bb7 23. Qc4 Qg5 24. g3 Qf5 25. Kf1 Qf3 26. Nxc5 Bxc5 27.
Qxc5 d3 0-1

[Event "ch-city B"]
[Site "Warszawa"]
[Date "2013.05.12"]
[Round "2.20"]
[White "Tomczyk, Ryszard"]
[Black "Fieducik, Marcin"]
[Result "1-0"]
[WhiteElo "1502"]
[BlackElo "1361"]
[PlyCount "69"]
[EventDate "2013.05.11"]
[EventType "swiss"]
[EventRounds "9"]
[EventCountry "POL"]

1. d4 d5 2. g3 Nf6 3. Bg2 e6 4. Nf3 c5 5. e3 cxd4 6. exd4 Nc6 7. O-O Be7 8. b3
O-O 9. Bb2 b5 10. Nc3 Ba6 11. Re1 Qc7 12. Bf1 Qb7 13. a3 Nb8 14. Ne2 b4 15. a4
Bxe2 16. Bxe2 a5 17. Bd3 Ne4 18. Ne5 f6 19. Ng4 f5 20. Ne5 Qb6 21. Kg2 Bf6 22.
f4 Bxe5 23. fxe5 Ra7 24. Rf1 Raf7 25. Qh5 f4 26. gxf4 Rf5 27. Qe2 Rxf4 28. Rxf4
Rxf4 29. Rf1 Rxf1 30. Qxf1 Nc6 31. Qf3 Nc3 32. Qh3 h6 33. Qxe6+ Kf8 34. Bg6 Qc7
35. Qe8# 1-0

[Event "ch-city B"]
[Site "Warszawa"]
[Date "2013.05.12"]
[Round "2.22"]
[White "Mincewicz, Tomasz"]
[Black "Mantaev, Ruslan"]
[Result "0-1"]
[WhiteElo "1473"]
[BlackElo "1224"]
[PlyCount "104"]
[EventDate "2013.05.11"]
[EventType "swiss"]
[EventRounds "9"]
[EventCountry "POL"]

1. c4 e5 2. Nc3 Nc6 3. g3 Nf6 4. Bg2 d6 5. d3 Be6 6. Nf3 h6 7. O-O Qc8 8. Rb1
a6 9. b4 Be7 10. Bd2 O-O 11. Qc1 Kh7 12. e4 Bh3 13. Nd5 Bd8 14. a4 Nxd5 15.
cxd5 Bxg2 16. Kxg2 Ne7 17. Rd1 f5 18. Bc3 Ng6 19. h3 f4 20. d4 Bf6 21. dxe5
dxe5 22. Qb2 fxg3 23. fxg3 Qe8 24. Qb3 Qf7 25. Rf1 Qd7 26. Rbd1 Qd6 27. b5 a5
28. Rc1 b6 29. Bd2 Ne7 30. Rc2 Ra7 31. Rfc1 Rf7 32. Qb2 Ng6 33. Rc6 Qd7 34. Bc3
Re7 35. Rd1 Qe8 36. d6 Rd7 37. Qb3 cxd6 38. Rdxd6 Rxd6 39. Rxd6 Rd7 40. Rxb6
Qd8 41. Bxa5 Qa8 42. Bb4 Qxe4 43. Rd6 Qe2+ 44. Kg1 Rxd6 45. Bxd6 e4 46. Bc5
exf3 47. Bf2 Bd4 48. Qxf3 Qxf3 49. Bxd4 Qd1+ 50. Kg2 Qxd4 51. a5 Qd5+ 52. Kf2
Qxb5 0-1

[Event "ch-city B"]
[Site "Warszawa"]
[Date "2013.05.13"]
[Round "3.1"]
[White "Koziol, Pawel"]
[Black "Wrabel, Antoni"]
[Result "1-0"]
[WhiteElo "1883"]
[BlackElo "1701"]
[PlyCount "97"]
[EventDate "2013.05.11"]
[EventType "swiss"]
[EventRounds "9"]
[EventCountry "POL"]

1. d4 c5 2. d5 d6 3. c4 Nf6 4. Nc3 e5 5. e4 Be7 6. Nf3 O-O 7. Be2 Re8 8. O-O
Na6 9. Rb1 Bd7 10. Re1 Rb8 11. Bd2 Nc7 12. a4 Na6 13. Bf1 b6 14. g3 Nb4 15. b3
Qc8 16. Nh4 g6 17. Rb2 Bh3 18. Ng2 h5 19. a5 bxa5 $11 20. Qa1 Bd8 21. f4 Bxg2
22. Kxg2 h4 23. fxe5 dxe5 24. Be2 Kg7 25. Qd1 hxg3 26. hxg3 Rh8 27. Rh1 Bb6 28.
Bg5 Rxh1 29. Qxh1 Ng8 30. Qd1 f6 31. Bg4 Qd8 32. Be3 Nh6 33. Be6 Nf7 34. Rf2
Nd6 35. Qg4 Qh8 36. Qf3 Rf8 37. Kg1 Qh5 38. Bg4 Qh7 39. Rh2 Qg8 40. Bh6+ Kf7
41. Be6+ Ke7 42. Bxg8 Rxg8 43. Rf2 f5 44. Bg5+ Kd7 45. Qh1 Ne8 46. exf5 Nd3 47.
Rf1 gxf5 48. Rxf5 Rg7 49. Qh6 1-0

[Event "ch-city B"]
[Site "Warszawa"]
[Date "2013.05.13"]
[Round "3.2"]
[White "Sawicki, Wojciech"]
[Black "Grzenkowicz, Lukasz"]
[Result "1-0"]
[WhiteElo "1797"]
[BlackElo "1605"]
[PlyCount "133"]
[EventDate "2013.05.11"]
[EventType "swiss"]
[EventRounds "9"]
[EventCountry "POL"]

1. e4 d5 2. exd5 Qxd5 3. Nc3 Qd8 4. d4 c6 5. Nf3 Nf6 6. Bc4 e6 7. Bg5 Be7 8.
Qd2 Nd5 9. Ne4 Bxg5 10. Nexg5 h6 11. Ne4 Nf6 12. Ng3 Nbd7 13. O-O-O Nb6 14. Bd3
O-O 15. Kb1 Qc7 16. Rhe1 Nbd7 17. Ne5 b6 18. f4 Rd8 19. f5 Nf8 20. fxe6 Bxe6
21. Nf5 Bxf5 22. Bxf5 N8d7 23. Nf3 Re8 24. c4 Rxe1 25. Rxe1 Re8 26. Rxe8+ Nxe8
27. Qe3 Ndf6 28. Bd3 Kf8 29. Qe5 Qxe5 30. Nxe5 c5 31. d5 Nd6 32. Kc2 Ke8 33. a3
a5 34. Kc3 Nfe4+ 35. Bxe4 Nxe4+ 36. Kd3 Nd6 37. Nc6 Kd7 38. b4 axb4 39. axb4
cxb4 40. Nxb4 g6 41. Nc2 Nf5 42. Ne3 Nd6 43. Kd4 Nb7 44. Ng4 h5 45. Nf6+ Kd6
46. Ne4+ Ke7 47. Ke5 Na5 48. d6+ Kd7 49. Kd5 Kd8 50. Nf6 Kc8 51. c5 bxc5 52.
Kxc5 Nb7+ 53. Kc6 Nd8+ 54. Kb6 Ne6 55. d7+ Kd8 56. Kc6 Nd4+ 57. Kd5 Nf5 58. Ke4
Ng7 59. Ke5 Kc7 60. Ne8+ Kxd7 61. Nxg7 Ke7 62. Nxh5 gxh5 63. Kf5 Kd6 64. Kf6
Kd5 65. Kxf7 h4 66. Kf6 Ke4 67. Kg5 1-0

[Event "ch-city B"]
[Site "Warszawa"]
[Date "2013.05.13"]
[Round "3.5"]
[White "Wyszomirski, Krzysztof"]
[Black "Bitowt, Jacek"]
[Result "1-0"]
[WhiteElo "1747"]
[BlackElo "1898"]
[PlyCount "113"]
[EventDate "2013.05.11"]
[EventType "swiss"]
[EventRounds "9"]
[EventCountry "POL"]

1. e4 e5 2. Nf3 Nc6 3. Bb5 Bc5 4. c3 Nge7 5. O-O Bb6 6. d3 O-O 7. Be3 d6 8.
Nbd2 Ng6 9. Nc4 Bxe3 10. Nxe3 Nce7 11. d4 c6 12. Bd3 Qb6 13. Qd2 Be6 14. Nf5
exd4 15. N3xd4 Rad8 16. Rfe1 Rfe8 17. Nxe6 fxe6 18. Nxe7+ Rxe7 19. Rad1 Ne5 20.
Re2 Rf7 21. Qe3 c5 22. h3 Nxd3 23. Rxd3 d5 24. exd5 exd5 25. Red2 Rfd7 26. Rxd5
Rxd5 27. Rxd5 Rf8 28. Rd2 Qc6 29. Qd3 b6 30. Qd5+ Qxd5 31. Rxd5 Re8 32. Rd2
Re1+ 33. Kh2 Re7 34. Kg3 Kf7 35. Kf3 Kf6 36. Re2 Rd7 37. Ke3 b5 38. Rd2 Re7+
39. Kd3 Rc7 40. Ke4 Re7+ 41. Kf4 Re6 42. Kf3 a6 43. b3 Rc6 44. Ke4 Ke6 45. Rd8
Ke7 46. Rd5 a5 47. Rg5 Kf6 48. Re5 c4 49. Rxb5 cxb3 50. Rxb3 Rc4+ 51. Kd3 Ra4
52. Rb2 g5 53. Re2 h5 54. c4 Rb4 55. Kd4 a4 56. Kc3 Rb1 57. c5 1-0

[Event "ch-city B"]
[Site "Warszawa"]
[Date "2013.05.13"]
[Round "3.6"]
[White "Milczarek, Robert"]
[Black "Krawiecki, Stanislaw"]
[Result "1-0"]
[WhiteElo "1848"]
[BlackElo "1629"]
[PlyCount "83"]
[EventDate "2013.05.11"]
[EventType "swiss"]
[EventRounds "9"]
[EventCountry "POL"]

1. d4 Nf6 2. c4 c5 3. d5 b5 4. cxb5 a6 5. b6 Qxb6 6. Nc3 g6 7. e4 d6 8. Nf3 Bg7
9. Be2 O-O 10. O-O Nbd7 11. h3 Bb7 12. Rb1 Qc7 13. Re1 Nb6 14. Bf4 Nh5 15. Bh2
f5 16. Ng5 Bc8 17. Bxh5 gxh5 18. Qxh5 h6 19. Ne6 Bxe6 20. dxe6 f4 21. Nd5 Nxd5
22. exd5 Rab8 23. Qg4 Rb4 24. a3 Rd4 25. Red1 Kh7 26. Qe2 Be5 27. Qc2+ Kg7 28.
f3 Qb7 29. Kh1 Qxd5 30. Re1 Rd2 31. Qa4 Qxe6 32. Bxf4 Rxg2 33. Bxe5+ dxe5 34.
Kxg2 c4 35. Rg1 Kh8 36. Qd1 Qf5 37. Qe2 Rg8+ 38. Kf2 Rf8 39. Rbe1 Qxh3 40.
Qxe5+ Rf6 41. Qb8+ Kh7 42. Qg8# 1-0

[Event "ch-city B"]
[Site "Warszawa"]
[Date "2013.05.13"]
[Round "3.7"]
[White "Jaskowski, Piotr"]
[Black "Herman, Monika"]
[Result "1-0"]
[WhiteElo "1826"]
[BlackElo "1693"]
[PlyCount "59"]
[EventDate "2013.05.11"]
[EventType "swiss"]
[EventRounds "9"]
[EventCountry "POL"]

1. e4 e5 2. Nf3 Nc6 3. Bb5 d6 4. O-O Bd7 5. c3 Nf6 6. Re1 g6 7. d4 exd4 8. cxd4
Bg7 9. Bxc6 bxc6 10. e5 dxe5 11. dxe5 Nd5 12. Bg5 Qb8 13. Nc3 Nxc3 14. bxc3 Qc8
15. Bf6 O-O 16. Qd4 Be6 17. Qh4 h6 18. Nd4 g5 19. Qg3 Qd7 20. h4 g4 21. Rad1
Bf5 22. Qf4 Bg6 23. h5 Bh7 24. Bxg7 Kxg7 25. Qf6+ Kg8 26. Nxc6 Bd3 27. Ne7+ Kh7
28. Rxd3 Qxd3 29. Nf5 Qxf5 30. Qxf5+ 1-0

[Event "ch-city B"]
[Site "Warszawa"]
[Date "2013.05.13"]
[Round "3.9"]
[White "Kowalczyk, Waldemar"]
[Black "Kaczmarczyk, Marcin"]
[Result "1-0"]
[WhiteElo "1747"]
[BlackElo "1566"]
[PlyCount "82"]
[EventDate "2013.05.11"]
[EventType "swiss"]
[EventRounds "9"]
[EventCountry "POL"]

1. d4 d5 2. c4 c6 3. Nc3 Bf5 4. cxd5 cxd5 5. Qb3 Nc6 6. e3 e6 7. Qxb7 Nge7 8.
Bb5 Rc8 9. Nf3 f6 10. O-O g5 11. Nd2 h5 12. Nb3 Kf7 13. Bxc6 Rxc6 14. Nc5 Rc7
15. Qa6 Nc6 16. a3 Bxc5 17. dxc5 Ne5 18. Rd1 Bc2 19. Rd4 Qe7 20. b4 Nc4 21. e4
Rhc8 22. Nb5 Rc6 23. Qxa7 Qxa7 24. Nxa7 Rxc5 25. bxc5 Rxc5 26. exd5 exd5 27.
Be3 Ba4 28. Rdd1 Nxe3 29. fxe3 Rc7 30. Rxd5 Rxa7 31. Rc5 Rd7 32. Rc4 Bb5 33.
Rd4 Rc7 34. a4 Ba6 35. Rd6 Bb7 36. Rd2 Kg6 37. a5 Ba6 38. Rd6 Be2 39. a6 Ra7
40. Kf2 Bc4 41. e4 Kf7 1-0

[Event "ch-city B"]
[Site "Warszawa"]
[Date "2013.05.13"]
[Round "3.10"]
[White "Tomczyk, Ryszard"]
[Black "Praczukowski, Stanislaw"]
[Result "0-1"]
[WhiteElo "1502"]
[BlackElo "1859"]
[PlyCount "84"]
[EventDate "2013.05.11"]
[EventType "swiss"]
[EventRounds "9"]
[EventCountry "POL"]

1. d4 Nf6 2. c4 e6 3. Nf3 d5 4. e3 b6 5. a3 Bb7 6. Nc3 Be7 7. cxd5 exd5 8. Bb5+
c6 9. Ba4 Nbd7 10. Qd3 O-O 11. O-O Re8 12. b4 b5 13. Bc2 Bd6 14. Bb2 Ne4 15.
Rad1 Re6 16. g3 a5 17. Na2 Rh6 18. Kg2 Ndf6 19. h3 Bc8 20. Rh1 Bxh3+ 21. Rxh3
Rxh3 22. Ng1 Nxf2 23. Kxf2 Ne4+ 24. Qxe4 dxe4 25. Nxh3 Qf6+ 26. Ke2 Qf3+ 27.
Kd2 Qg2+ 28. Kc3 axb4+ 29. Nxb4 Bxb4+ 30. axb4 Qxh3 31. Bxe4 Qe6 32. Bd3 Qxe3
33. Rh1 h6 34. Rh5 Rd8 35. Kc2 Qf2+ 36. Kc3 Qxd4+ 37. Kb3 Qxd3+ 38. Bc3 Qd1+
39. Kb2 Rd2+ 40. Bxd2 Qxd2+ 41. Ka3 Qd3+ 42. Kb2 Qe2+ 0-1

[Event "ch-city B"]
[Site "Warszawa"]
[Date "2013.05.13"]
[Round "3.11"]
[White "Kowal, Cezary"]
[Black "Starczewska, Malgorzata"]
[Result "1/2-1/2"]
[WhiteElo "1516"]
[BlackElo "1829"]
[PlyCount "47"]
[EventDate "2013.05.11"]
[EventType "swiss"]
[EventRounds "9"]
[EventCountry "POL"]

1. e4 d5 2. exd5 Qxd5 3. Nc3 Qa5 4. d4 c6 5. Nf3 Nf6 6. Bd2 Qc7 7. Bc4 e6 8.
Qe2 Be7 9. O-O O-O 10. Ne5 b5 11. Bd3 Nbd7 12. f4 Bb7 13. Ne4 a6 14. Nxf6+ Nxf6
15. f5 c5 16. c3 Bd6 17. fxe6 fxe6 18. Bf4 Rae8 19. Kh1 Bd5 20. a3 Rd8 21. Bg5
h6 22. Bh4 Qb7 23. Ng6 Rf7 24. Ne5 1/2-1/2

[Event "ch-city B"]
[Site "Warszawa"]
[Date "2013.05.13"]
[Round "3.13"]
[White "Szymankiewicz, Jan"]
[Black "Nowak, Edward"]
[Result "0-1"]
[WhiteElo "1481"]
[BlackElo "1766"]
[PlyCount "46"]
[EventDate "2013.05.11"]
[EventType "swiss"]
[EventRounds "9"]
[EventCountry "POL"]

1. Nf3 f5 2. g3 Nf6 3. Bg2 e6 4. d3 Be7 5. Nbd2 d6 6. b3 e5 7. Bb2 Nc6 8. e3
O-O 9. O-O Bd7 10. h3 Qe8 11. Nh2 Qg6 12. f4 Qxg3 13. Rf3 Qg6 14. Qe1 Nh5 15.
Kh1 Rae8 16. Qf2 e4 17. dxe4 fxe4 18. Nxe4 Qxe4 19. Rg3 Nxg3+ 20. Qxg3 Qg6 21.
Ng4 Bxg4 22. hxg4 Bf6 23. f5 Qh6+ 0-1

[Event "ch-city B"]
[Site "Warszawa"]
[Date "2013.05.13"]
[Round "3.14"]
[White "Gajewski, Zbigniew"]
[Black "Slomski, Arkadiusz"]
[Result "0-1"]
[WhiteElo "1455"]
[BlackElo "1725"]
[PlyCount "78"]
[EventDate "2013.05.11"]
[EventType "swiss"]
[EventRounds "9"]
[EventCountry "POL"]

1. e4 e6 2. d4 d5 3. Nd2 Nf6 4. e5 Nfd7 5. Ngf3 c5 6. c3 Nc6 7. Be2 cxd4 8.
cxd4 Qb6 9. Nb3 a5 10. a4 Bb4+ 11. Kf1 f6 12. exf6 Nxf6 13. h4 O-O 14. h5 Ne4
15. Be3 Ne7 16. g4 Bd6 17. h6 Bf4 18. hxg7 Kxg7 19. Qd3 Ng6 20. Rb1 e5 21. Nc5
Bxg4 22. Nxe4 dxe4 23. Qxe4 Bf5 24. Qd5 Bxb1 25. Qd7+ Rf7 26. Rxh7+ Kxh7 27.
Qxf7+ Kh6 28. Nxe5 Bxe3 29. Ng4+ Kg5 30. Qd5+ Bf5 31. Nxe3 Rf8 32. Bd3 Qc6 33.
Qxa5 Qc1+ 34. Kg2 Nf4+ 35. Kg3 Qg1+ 36. Kf3 Nxd3 37. Qd2 Ne1+ 38. Ke2 Bd3+ 39.
Kd1 Nf3+ 0-1

[Event "ch-city B"]
[Site "Warszawa"]
[Date "2013.05.13"]
[Round "3.15"]
[White "Mantaev, Ruslan"]
[Black "Kwiek, Janusz"]
[Result "1/2-1/2"]
[WhiteElo "1224"]
[BlackElo "1648"]
[PlyCount "110"]
[EventDate "2013.05.11"]
[EventType "swiss"]
[EventRounds "9"]
[EventCountry "POL"]

1. d4 e6 2. Nf3 Nf6 3. Nc3 d5 4. e3 b6 5. Bd3 Ba6 6. Qe2 Bxd3 7. Qxd3 c5 8. Ne2
c4 9. Qd1 Nc6 10. c3 b5 11. Bd2 Bd6 12. h3 O-O 13. O-O a5 14. b3 Qc7 15. Qc2
Ne4 16. Be1 cxb3 17. axb3 Rfc8 18. Qb2 a4 19. b4 Ne7 20. Ra3 Ra6 21. Nd2 Nxd2
22. Bxd2 Qc4 23. Nc1 Nf5 24. Qc2 Bb8 25. Qd3 Qc7 26. f4 Rb6 27. Be1 Nd6 28. Ra1
Ne4 29. Ra3 f5 30. Ne2 Qd7 31. Ng3 Nxg3 32. Bxg3 Rc4 33. Be1 Rbc6 34. Rf2 Bd6
35. Kf1 Be7 36. g3 Rc7 37. Bd2 Bf6 38. Ke1 Qf7 39. Qe2 h5 40. h4 g6 41. Kd1
R7c6 42. Qd3 Qc7 43. Rg2 Be7 44. Ke2 Qd8 45. Rg1 Kf7 46. Raa1 Ra6 47. Bc1 Qa8
48. Ba3 Qa7 49. Kd2 Bd6 50. Kc2 Qe7 51. Kb2 Rac6 52. Rac1 Qc7 53. Rc2 Be7 54.
Rcc1 Qd8 55. Rh1 Qc7 $11 1/2-1/2

[Event "ch-city B"]
[Site "Warszawa"]
[Date "2013.05.13"]
[Round "3.17"]
[White "Budrewicz, Henryk"]
[Black "Pacan-Milej, Kosma"]
[Result "0-1"]
[WhiteElo "1573"]
[BlackElo "1405"]
[PlyCount "146"]
[EventDate "2013.05.11"]
[EventType "swiss"]
[EventRounds "9"]
[EventCountry "POL"]

1. d4 d5 2. e3 Nf6 3. Bd3 e6 4. Nd2 c5 5. c3 Nc6 6. f4 Qc7 7. Ngf3 cxd4 8. cxd4
Bd6 9. Ne5 O-O 10. O-O Bd7 11. Rf3 Rac8 12. a3 h6 13. Rh3 Ne7 14. g4 Kh8 15. g5
Nfg8 16. Qh5 Bxe5 17. fxe5 Be8 18. gxh6 Nxh6 19. Qg5 Neg8 20. Nf3 Qe7 21. Qg3
Ba4 22. Bd2 Qd7 23. Bb4 Rfe8 24. Rf1 Ne7 25. Nh4 Kg8 26. Bc3 Bb5 27. Bxb5 Qxb5
28. Qg5 Qd3 29. Ng2 Qg6 30. Qf4 Qf5 31. Qh4 Ng6 32. Qg3 Qg4 33. Qxg4 Nxg4 34.
Rg3 Nh6 35. Rgf3 b6 36. h4 Ne7 37. Nf4 Nef5 38. h5 a5 39. Nh3 f6 40. exf6 gxf6
41. Nf4 Kf7 42. Ng6 Ng8 43. Kf2 Nge7 44. Rg1 Nxg6 45. hxg6+ Kg7 46. Rh3 Rh8 47.
Rgh1 Rxh3 48. Rxh3 Rh8 49. Rxh8 Kxh8 50. e4 Ne7 51. exd5 Nxd5 52. Kf3 Kg7 53.
Bd2 Kxg6 54. Ke4 Kh5 55. Be1 Kg4 56. Bd2 Kg3 57. Be1+ Kg2 58. Bd2 Kf2 59. Kd3
Kf3 60. Bh6 Nf4+ 61. Kc4 Ke4 62. Bxf4 Kxf4 63. d5 exd5+ 64. Kxd5 Kg5 65. Ke4
Kg4 66. Ke3 b5 67. b3 b4 68. axb4 axb4 69. Kf2 Kf4 70. Ke2 Kg3 71. Ke3 f5 72.
Ke2 f4 73. Kf1 Kf3 0-1

[Event "ch-city B"]
[Site "Warszawa"]
[Date "2013.05.13"]
[Round "3.18"]
[White "Woloszyn, Piotr"]
[Black "Czorniej, Antonina"]
[Result "1-0"]
[WhiteElo "1533"]
[BlackElo "1394"]
[PlyCount "81"]
[EventDate "2013.05.11"]
[EventType "swiss"]
[EventRounds "9"]
[EventCountry "POL"]

1. g3 d5 2. d4 c6 3. Nf3 Nf6 4. Bg2 g6 5. Nbd2 Bg7 6. c3 O-O 7. Ne5 Nbd7 8. Nd3
Re8 9. Nf3 Nb6 10. Nfe5 Nfd7 11. f4 a5 12. a4 f6 13. Nxd7 Nxd7 14. O-O e5 15.
fxe5 fxe5 16. dxe5 Nxe5 17. Nxe5 Bxe5 18. Qb3 Rb8 19. e4 Be6 20. exd5 Bxd5 21.
Bxd5+ Qxd5 22. Qxd5+ cxd5 23. Bf4 Bxf4 24. Rxf4 Re4 25. Rxe4 dxe4 26. Kf2 b5
27. axb5 Rxb5 28. Ra2 Kf7 29. Ke3 Re5 30. b4 axb4 31. cxb4 Ke6 32. Rb2 Kd5 33.
b5 Kc5 34. b6 Re8 35. b7 Rb8 36. Kxe4 Kc6 37. Ke5 Rxb7 38. Rxb7 Kxb7 39. Kf6
Kc6 40. Kg7 Kd5 41. Kxh7 1-0

[Event "ch-city B"]
[Site "Warszawa"]
[Date "2013.05.13"]
[Round "3.19"]
[White "Moscicki, Slawomir"]
[Black "Kazmierczak, Ewa"]
[Result "0-1"]
[WhiteElo "1385"]
[BlackElo "1532"]
[PlyCount "95"]
[EventDate "2013.05.11"]
[EventType "swiss"]
[EventRounds "9"]
[EventCountry "POL"]

1. e4 e6 2. d4 d5 3. e5 c5 4. c3 Nc6 5. Nf3 cxd4 6. cxd4 Bb4+ 7. Nc3 a6 8. a3
Ba5 9. b4 Bc7 10. Bd3 f6 11. Bf4 Nxd4 12. Bg6+ hxg6 13. Qxd4 g5 14. Bg3 f5 15.
h3 Nh6 16. Bh2 g4 17. Ng1 b5 18. f3 Bb6 19. Qd2 d4 20. Nce2 Bb7 21. Nf4 Qd7 22.
Ng6 Rh7 23. Bf4 gxf3 24. Nxf3 Bxf3 25. gxf3 Rc8 26. Rd1 Qd5 27. O-O Kf7 28. Qg2
Ng8 29. Kh2 Rc3 30. Bc1 Ne7 31. Nxe7 Kxe7 32. Rde1 d3 33. Qg5+ Kd7 34. Bd2 Rc2
35. Rd1 Qxe5+ 36. f4 Qe2+ 37. Qg2 Qxg2+ 38. Kxg2 Be3 39. Rf2 Bxf2 40. Kxf2 Rxh3
41. Kg2 Rh8 42. Kg3 Ke7 43. Be3 Rd8 44. Kh4 Rc3 45. Kg5 Kf7 46. Ra1 Rc2 47. Rd1
Rg2+ 48. Kh4 0-1

[Event "ch-city B"]
[Site "Warszawa"]
[Date "2013.05.13"]
[Round "3.20"]
[White "Kucharski, Jacek"]
[Black "Wisniewski, Jacek"]
[Result "0-1"]
[WhiteElo "1379"]
[BlackElo "1471"]
[PlyCount "76"]
[EventDate "2013.05.11"]
[EventType "swiss"]
[EventRounds "9"]
[EventCountry "POL"]

1. Nf3 Nf6 2. c4 g6 3. b3 Bg7 4. Bb2 O-O 5. g3 d6 6. Bg2 e5 7. d3 Nc6 8. O-O
Rb8 9. Nbd2 Nh5 10. a3 f5 11. e3 e4 12. Bxg7 exf3 13. Bxf3 Nxg7 14. d4 Ne7 15.
b4 d5 16. c5 c6 17. Nb3 Ne6 18. Nc1 Ng5 19. Bg2 Kg7 20. Nd3 Ng8 21. h4 Nf7 22.
f4 Nf6 23. Bf3 Ne4 24. Bxe4 fxe4 25. Nf2 Nh6 26. Kg2 Qd7 27. Rh1 Ng4 28. Nxg4
Qxg4 29. Qxg4 Bxg4 30. Kf2 h5 31. Rab1 Bf3 32. Rh2 Kf6 33. a4 Kf5 34. a5 Kg4
35. Rc1 Rfc8 36. Rb1 b6 37. a6 bxc5 38. dxc5 Rb5 0-1